[Event "EU-Cup 13th Group3"]
[Site "Slough"]
[Date "1997.09.23"]
[Round "2"]
[White "Lalic, Bogdan"]
[Black "Heim, Sverre"]
[Result "1/2-1/2"]
[WhiteElo "2600"]
[BlackElo "2400"]
[Annotator "Tsesarsky,I"]
[PlyCount "60"]
[EventDate "1997.09.22"]
[EventType "team-k.o."]
[EventRounds "3"]
[EventCountry "ENG"]
[SourceTitle "EXT 2020"]
[Source "ChessBase"]
[SourceDate "2019.10.17"]
[SourceVersion "1"]
[SourceVersionDate "2019.10.17"]
[SourceQuality "1"]
[WhiteTeam "Slough Chess Club"]
[BlackTeam "Oslo Schakselkap"]
[WhiteTeamCountry "ENG"]
[BlackTeamCountry "NOR"]

1. e4 c5 2. Nf3 Nc6 3. d4 cxd4 4. Nxd4 g6 5. c4 Bg7 6. Be3 Nf6 7. Nc3 Ng4 8.
Qxg4 Nxd4 9. Qd1 e5 10. Qd2 O-O 11. Nb5 Qe7 12. O-O-O Nxb5 13. cxb5 d5 (13...
d6 14. Qxd6 Qh4 15. Qb4 (15. Bd3 $14) 15... Be6 16. Kb1 f5 17. f3 Rac8 18. Be2
b6 19. Rd6 Qe7 20. Qd2 f4 21. Bf2 Rfd8 22. Rxd8+ Rxd8 23. Qc2 Rc8 24. Qa4 Qc7
25. Rd1 $16 {1/2-1/2 Ornstein,A-Rogers,I/Gausdal open 1979 (75)}) 14. exd5 Rd8
(14... Bf5 15. Bd3 Rac8+ 16. Kb1 Qd7 17. Bxf5 Qxf5+ 18. Qd3 e4 19. Qb3 b6 20.
Rc1 Rcd8 21. Rhd1 Rd7 22. Rd2 Rfd8 23. Rcd1 Be5 24. h3 $16 {1-0 Smyslov,
V-Jimenez Zerquera,E/Havana 1963 (53)}) 15. d6 (15. Kb1 Bf5+ 16. Ka1 Rac8 17.
d6 Qe6 18. Qd5 Qf6 19. Be2 Bc2 (19... Rc2 $5 20. Bd3 Rxb2 21. Bxf5 e4 22. Bd4
Rb4 $17) 20. Rd2 e4 21. Rd4 b6 (21... Bd3 22. Bxd3 exd3 23. Rd1 Rd7 $14) 22.
Re1 $5 $14 (22. Rc1 $2 Rc5 23. Qb7 Bd3 $17 {0-1 Feher,G-Szabolcsi,J/HUN-chT1
1995 (50)})) 15... Qe6 (15... Qe8 16. Qb4 Be6 17. Kb1 Bf8 18. Be2 Rd7 19. Rd2
f5 20. f4 (20. Qa3 f4 21. Bc5 b6 22. Bb4 Rad8 23. Rhd1 e4 24. b3 (24. Bc3 Qf7
$44) 24... Bg7 25. Bc4 $14) 20... e4 21. Qa3 Qd8 22. Rhd1 b6 23. h3 h5 24. g4
hxg4 25. hxg4 fxg4 26. Qc3 Bg7 27. Bd4 Rc8 28. Qe3 $16 {Cao,S-Afek,Y/FSIM A
Oct, Budapest HUN 1997/1-0 (107)}) 16. Kb1 Bf8 17. Bc5 $6 (17. Qc3 $1 Rxd6 18.
Bc4 Rxd1+ 19. Rxd1 Qg4 20. Qb3 Bf5+ (20... Kg7 21. Bd5 a6 22. h3 (22. b6 $14)
22... Qb4 23. Bxf7 Qe4+ 24. Ka1 axb5 $8 (24... Qxg2 25. Bg8 $1 $18) 25. Bd5 Qa4
26. Qxa4 Rxa4 27. Bxb7 $1 $16) 21. Ka1 Rc8 22. Bxf7+ Kh8 (22... Kg7 23. f3 Qxg2
24. Be6 Rd8 25. Rxd8 Bc2 26. Bh6+ $18 {1.59/1.40.1-0 Serper-Sermek/Tilburg
1994 (40)}) 23. Qd5 (23. f3 $2 Qxg2 24. Be6 Bxe6 25. Qxe6 Qxf3 $17) (23. Rg1
$16) 23... Be4 (23... Qe2 24. Rg1 $16) 24. Qxe5+ (24. Be6 Qe2 25. Qd7 $18 (25.
Qxe5+ $6 Bg7 26. Qd4 $8 h5 $2 (26... Bd3 $1 27. Rg1 $5 (27. Rxd3 Rc1+ 28. Bxc1
Bxd4 29. Rxd4 Qxe6 30. Be3 $14) 27... Re8 (27... Bxb5 $1 28. Bxc8 (28. Qb4 a5
29. Qb3 Rc2 30. Rc1 Rxc1+ 31. Bxc1 Bc6 $10) 28... Bxd4 29. Bxd4+ Kg8 30. Bxb7
$14) 28. Bf7 Rf8 29. Bb3 Bxb5 30. Bd1 $16) 27. Qd8+ Bf8 28. Qf6+ Bg7 29. Rd8+
Kh7 30. Bg8+ Kh8 31. Bc4+ Kh7 32. Bxe2 {1-0 Nemeth,M-Fleger,H/Balatonbereny op
1996})) 24... Bg7 25. Qd4 $16) 17... b6 18. Bb4 Bb7 19. h4 (19. f3 Rd7 20. Be2
Rad8 21. Qc2 Bxd6 22. Bc4 Qf6 23. Bc3 Bc5 24. Rxd7 Rxd7 25. Rd1 Bd4 $15 {
0-1 Wirthensohn,H-Zueger,B/SWZ-ch 1994 (37)}) 19... Bxd6 (19... Rac8 $5 20. f3
$1 $16 (20. h5 Bxd6 21. Bc3 (21. Bxd6 Rxd6 22. Qxd6 Be4+ 23. Bd3 Qxd6 24. Bxe4
Qb4 $19) 21... Be7 $15 {Anka,E-Silman,J/Budapest FS03 GM 1994/EXP 42/0-1 (75)})
) 20. Bxd6 Rd7 21. f4 (21. h5 Rad8 22. hxg6 Be4+ $1 23. Bd3 Rxd6 24. gxf7+ Kxf7
$17) 21... exf4 22. Qxf4 (22. h5 $5 Rad8 (22... Be4+ 23. Ka1 Rad8 24. Qxf4 Rxd6
25. Rxd6 Rxd6 26. Bc4 Qe7 (26... Bd5 27. Rd1 $18) 27. Bxf7+ $18) 23. hxg6 (23.
Qxf4 $2 Rxd6 24. Rxd6 Rxd6 (24... Qe1+ 25. Kc2 $18) 25. Bc4 Qe4+ 26. Qxe4 Bxe4+
27. Kc1 Bxg2 $19) 23... Be4+ 24. Ka1 (24. Bd3 Bxg6 25. Bxg6 Qxg6+ $17) 24...
Qxg6 25. Qxf4 Rxd6 26. Rxd6 Rxd6 27. Bc4 Rf6 28. Qb8+ Kg7 29. Qxa7 Qxg2 $132)
22... Rad8 23. Bc4 (23. h5 $2 Rxd6 24. Rxd6 Rxd6 25. Bc4 Qe4+ $19) 23... Be4+
24. Ka1 Qxc4 25. Rc1 Qe6 (25... Qxb5 26. Be5 (26. Qxe4 Rxd6 $17) 26... Re8 27.
Bc3 Qf5 (27... f5 28. h5 $16) 28. Qh6 f6 29. h5 Qg5 30. hxg6 Qxh6 31. Rxh6 Bxg6
32. Bxf6 Re2 33. g4 $10) 26. Be5 f6 (26... Rd5 27. Bc3 $132) 27. Qxf6 Qxf6 28.
Bxf6 Rf8 29. Bg5 Bxg2 30. Rhd1 Rxd1 1/2-1/2

[Event "ISR-chT"]
[Site "Israel"]
[Date "2001.02.16"]
[Round "2"]
[White "Smirin, Ilia"]
[Black "Rechlis, Gad"]
[Result "1-0"]
[WhiteElo "2686"]
[BlackElo "2525"]
[Annotator "Tsesarsky,I"]
[PlyCount "93"]
[EventDate "2001.02.??"]
[EventType "team"]
[EventRounds "11"]
[EventCountry "ISR"]
[SourceTitle "CBM 081"]
[Source "ChessBase"]
[SourceDate "2001.03.20"]
[SourceVersion "1"]
[SourceVersionDate "2001.03.20"]
[SourceQuality "1"]

1. e4 c5 2. Nf3 Nc6 3. d4 cxd4 4. Nxd4 g6 5. c4 Bg7 6. Be3 Nf6 7. Nc3 Ng4 8.
Qxg4 Nxd4 9. Qd1 Ne6 10. Qd2 Qa5 11. Rc1 b6 12. Bd3 Bb7 13. O-O O-O {The main
idea of this variation is to play g6-g5 and probably h7-h5 without castle.
Sometimes Black recieves convenient game on the black squares. In this game
Black wants to avoid theoretical variations and White leaves with space
advantage.} (13... Rc8 14. a3 g5 {planning move} (14... Nd4 15. b4 Qe5 (15...
Qxa3 16. Bxd4 Bxd4 17. Nb5 {1-0 Servert-Gruner/cr E-DDR 1987/ (17)}) 16. f4 Qe6
17. Qf2 $14) 15. b4 Qe5 (15... Qxa3 16. Nb5 $14 {[%csl Ra3,Ra7,Rg5]}) 16. Nd5
d6 17. Rce1 h6 18. Qd1 Bc6 19. g3 $14 {[%cal Gf2f4] 1-0 Howell,J-Degen,V/St.
Ingbert ,EXT 1987/(43)}) (13... d6 14. Bb1 (14. b3 g5 15. f3 h5 16. Rfd1 h4 17.
Nd5 Qxd2 18. Rxd2 Be5 19. Bf1 $14 {1-0 Sherzer,A-Mate,L/HUN tt 1992/ (67)})
14... Rc8 15. b3 g5 {We can see this planning move in most of games in this
variation!} 16. Nd5 Qxd2 17. Bxd2 h6 18. b4 Nd4 19. Bd3 e6 20. Ne3 O-O 21. f3
Rc7 22. Rfd1 $14 {1/2-1/2 Maus,S-Wagenknecht,U/NRW 1990 (32)}) (13... f5 $6 14.
exf5 gxf5 15. Rfd1 O-O 16. f4 Nc5 17. Bb1 Rad8 18. Qe2 Na4 19. Nd5 $16 {
1-0 Wojtkiewicz,A-Rotstein,A/Open, Cannes FRA 1998 (33)}) (13... g5 {-see
comments to the game 1-0 Kovacevic,A-Ljubojevic,L/Belgrade 1997/CBM 62 (61) 
[Tsesarsky]}) 14. b3 {After this move White will be "obliged" to sacrifice P
for strong initiative.} ({Interesting also} 14. Bh6 $5 Bxh6 15. Qxh6 Qe5 16.
Qe3 g5 17. Rfd1 d6 18. b3 $14 {1-0 Marfia,J-Vardi,I/Columbus op 1977 (44)})
14... Nc5 15. Bb1 (15. Rfd1 $6 Nxd3 16. Qxd3 d6 $132 {[%csl Gb7,Gg7] ^^}) 15...
Bxc3 16. Rxc3 Nxe4 17. Bxe4 Bxe4 {Here Smirin played very fast:} 18. Re1 $5 Bc6
(18... f5) 19. Bd4 Rae8 ({Badly is to play with another rook:} 19... Rfe8 $2
20. Re5 d5 (20... Qb4 21. Qh6 f6 22. Rh3 $18) 21. Qh6 Qxa2 22. Re1 $18) 20. Re5
$2 $17 {This natural active move is mistake! Black's protective resources are
not exhausted yet!} (20. c5 $142 bxc5 21. Bxc5 d6 22. Be3 Rc8 23. Rec1 Qa6 $44)
20... Qb4 $4 $18 {[%mdl 8192]} ({Strong was} 20... d5 $1 $17 {-the only
possibility of successful resistance.} 21. Rh5 (21. Qe2 $143 f6 22. Re6 (22.
Rxe7 Rxe7 23. Qxe7 Re8 $19 {[%csl Rg1][%cal Ge8e1]}) 22... Bd7 23. h4 (23. Rc2
Bxe6 24. Qxe6+ Rf7 25. Bc3 Qc5 $19) 23... Kf7 $19) ({White has no sufficient
compensation in case of} 21. cxd5 f6 22. Rh5 (22. Qe1 Ba8 (22... fxe5 $2 23.
Qxe5 Rf6 24. dxc6 Qxa2 (24... Qxe5 25. Bxe5 $14) 25. g4 h6 26. Qd5+ Rf7 27. c7
$18) (22... Bb7 23. Rc7 fxe5 (23... Qxe1+ 24. Rxe1 Bxd5 25. Rxa7 $16) 24. Qxe5
Rf6 25. Rxb7 Qxa2 26. h3 (26. g4 Qxb3 27. g5 Qd1+ 28. Kg2 Qf3+ 29. Kg1 Rc8 $19)
26... Qxb3 27. Rxe7 Rxe7 28. Qxf6 Qxd5 29. Qh8+ Kf7 30. Qxh7+ Ke8 31. Qxg6+ Kd7
$17) 23. Rf3 Qxe1+ 24. Rxe1 Bxd5 $17) 22... gxh5 23. dxc6 (23. Rg3+ Kf7 $1 $19)
23... Rc8 24. b4 (24. Qh6 Rf7 $17) 24... Qb5 25. c7 Rf7 $17) 21... f6 22. cxd5
gxh5 23. dxc6 $17) (20... Qa6 $4 21. Qh6 f6 22. Rg3 $18 fxe5 (22... Rf7 23.
Rxg6+ hxg6 24. Qxg6+ $18 {[%csl Re8]}) 23. Rxg6+ hxg6 24. Qxg6+ Kh8 25. Bxe5+
Rf6 26. Qxe8+ $18) 21. Rh5 f6 22. Rxh7 $1 Qxc3 23. Rh8+ $1 {Strong
intermediate move!} Kxh8 24. Qh6+ Kg8 25. Qxg6+ Kh8 26. Bxc3 d6 27. f3 $6 ({
Smirin complained after the game, he didn't play} 27. Bd2 $1 $18 {and White
wins by force:} Rc8 (27... Rg8 28. Qh6#) (27... f5 28. Bc3+ e5 29. Qxd6 $18)
28. Qh5+ Kg8 29. Bh6 $18) 27... Rc8 28. Bd2 {Now this move is not such strong,
like on the previous move...} Be8 (28... Rfd8 29. Qh5+ Kg8 30. Bh6 Be8 31. Qg4+
Kf7 32. Qg7+ Ke6 $16 {and Black K escapes from the mate net.}) 29. Qe4 Rc7 30.
a4 (30. Qh4+ $18) 30... Kg7 31. h4 Rh8 32. a5 ({Interesting was} 32. Be1 {
[%cal Gg2g4,Gh4h5] with plan of kingside PP promotion}) 32... Bg6 33. Qd4 bxa5
34. Bxa5 Rb7 35. b4 Rh5 36. Qg4 {[%cal Gg4c8] threatening Qc8.} Rb8 37. Qd7 {
White Q in any case penetrates into the Black camp.} Re8 38. Qxa7 Rxh4 39. b5
Rxc4 40. b6 Ra4 41. b7 Ra1+ 42. Kh2 (42. Kf2 Ra2+ 43. Kg3 Rg8 44. Qa8 $18)
42... Rh8+ 43. Kg3 Rh5 (43... Bf7 44. Qa8 Rb1 45. Bc7 Bd5 46. b8=Q Rhxb8 47.
Qxd5 $18) 44. b8=Q Rg5+ 45. Kf2 Ra2+ 46. Bd2 Rxd2+ 47. Ke1 1-0

[Event "EU-chT (Men) 11th"]
[Site "Pula"]
[Date "1997.05.??"]
[Round "8.3"]
[White "Fridman, Daniel"]
[Black "Shulman, Yuri"]
[Result "1/2-1/2"]
[WhiteElo "2490"]
[BlackElo "2555"]
[Annotator "Tsesarsky,I"]
[PlyCount "81"]
[EventDate "1997.05.05"]
[EventType "team-swiss"]
[EventRounds "9"]
[EventCountry "CRO"]
[SourceTitle "CBM 057 Extra"]
[Source "ChessBase"]
[SourceDate "1997.05.01"]
[SourceVersion "1"]
[SourceVersionDate "1997.05.01"]
[SourceQuality "1"]
[WhiteTeam "Latvia"]
[BlackTeam "Belarus"]
[WhiteTeamCountry "LAT"]
[BlackTeamCountry "BLR"]

1. Nf3 g6 2. e4 c5 3. d4 cxd4 4. Nxd4 Bg7 5. c4 Nc6 6. Be3 Nf6 7. Nc3 Ng4 8.
Qxg4 Nxd4 9. Qd1 Nc6 10. Qd2 d6 (10... Qa5 11. Rc1 d6 12. Be2 Be6 13. b3 Rc8
14. O-O (14. Nd5 Qxd2+ 15. Kxd2 $132) 14... O-O 15. f4 f5 16. exf5 gxf5 17.
Rfd1 (17. Bf3 $14) 17... Bf7 18. Bf3 Rfd8 19. Nb5 Qxd2 20. Rxd2 Ra8 21. Nc7 (
21. Bxc6 bxc6 22. Nxa7 Be8 23. b4 c5 24. Nb5 cxb4 $15) (21. c5 $1 $14) 21...
Rac8 22. Nb5 Ra8 {1/2-1/2 Taggatz,M-Orel,O/Bled op 1995}) 11. Be2 (11. Rc1 O-O
12. b3 f5 13. exf5 Bxf5 14. Be2 Qd7 15. O-O Rae8 16. Rfd1 b6 17. Nb5 Kh8 18. f3
$14 {1-0 Averbakh,Y-Zaderman,Y/New York Enhance MCC 1992 (44)}) 11... O-O (
11... Be6 12. b3 O-O 13. Rc1 (13. O-O f5 14. exf5 gxf5 15. f4 Kh8 16. Bf3 Qa5
17. Rac1 Bg8 18. Rfd1 Rad8 19. Nb5 Qxd2 20. Rxd2 a6 21. Nd4 $14 {1/2-1/2 Banas,
J-Szalanczy,E/Tapolca 1989 (30)}) 13... Qa5 14. O-O Rfc8 (14... f5 15. exf5
Bxf5 16. Rfd1 Rad8 17. Bh6 Bxh6 18. Qxh6 e5 19. Bf3 Nd4 20. Bd5+ Kh8 21. Qe3
$14 {1-0 Trifunovic,P-Kozomara,V/Sarajevo 1962 (33)}) 15. Rfd1 Ne5 16. h3 Kf8
17. f4 Nc6 18. Bf3 $14 {1-0 Gavrikov,V-Pribyl,J/BL 1994 (33)}) (11... Bd7 12.
Rc1 Qa5 13. O-O O-O 14. Rfd1 Rfd8 15. b3 Ne5 16. h3 Bc6 17. Bg5 Re8 18. Nd5
Qxd2 19. Rxd2 h6 20. Be3 b6 21. Nc7 $16 {1-0 Papaioannou,I-Gretarsson,H/WchJM
U16 Duisburg 1992 (40)}) 12. O-O Be6 13. Nd5 (13. Rac1 $14) 13... Qd7 14. Rac1
Rac8 15. f4 b6 (15... f5 16. exf5 Bxf5 17. Bf3 $14 (17. Rfd1)) 16. b3 f5 (16...
f6 $14) 17. exf5 Bxf5 (17... gxf5 18. Rfd1 $14) 18. Rcd1 $14 Kh8 19. Nb4 $6 (
19. Bf3 h6 20. Nc3 $14) 19... Nxb4 20. Qxb4 Bg4 (20... Be4 $1 $132) 21. Qd2 $14
Rce8 (21... Bxe2 22. Qxe2 e6 23. Bd4 Bxd4+ 24. Rxd4 $14) 22. h3 Bxe2 23. Qxe2
Qc6 24. Qf3 $1 Qxf3 (24... Qd7 $14) 25. Rxf3 Rd8 (25... Kg8 26. Rf2 Kf7 $14)
26. Rf2 Kg8 27. Rd5 (27. Rfd2 Kf7 (27... Bh6 28. g3 e5 29. Rxd6 Rxd6 30. Rxd6
exf4 31. Bd2 $1 $16)) 27... e6 28. Rd3 Rd7 29. Rfd2 Rfd8 30. Kf2 Kf7 31. Kf3 d5
$5 (31... Bf8 32. g4 Be7 $14) 32. Bf2 Bf6 33. g4 Ke8 34. cxd5 Rxd5 35. Rxd5 (
35. Ke4 Rxd3 (35... R5d7 36. g5 Bg7 37. Bd4 Bf8 38. Bf6 Rxd3 39. Rxd3 Rxd3 (
39... Rc8 40. Ke5 Rc6 41. Rd8+ Kf7 42. Rd7+ $18) 40. Kxd3 Ba3 41. Ke4 Kd7 42.
Bd4 Kd6 $11 (42... Bd6 $11)) 36. Rxd3 Rxd3 37. Kxd3 Kd7 38. Bd4 Be7 $11 (38...
Bxd4 39. Kxd4 Kd6 40. g5 $18) (38... Bd8 39. a4 Kc6 40. Ke4 Bc7 41. g5 Bd6 $11
(41... a6 42. Be5 Bd8 43. Bb8 Kb7 44. Bd6 Kc6 45. Ke5 Kd7 46. b4 $22 $18 Be7 (
46... b5 47. a5 Be7 48. Bxe7 Kxe7 49. h4 $18) 47. Bxe7 Kxe7 48. b5 a5 49. h4
$18))) 35... exd5 $2 (35... Rxd5 36. Rxd5 exd5 37. a4 $1 (37. g5 $6 Be7 $1 $11
(37... Bg7 38. f5 gxf5 39. Kf4 d4 40. Kxf5 d3 41. Be1 $16) 38. Kg4 Bc5 39. Bxc5
bxc5 40. f5 c4 41. bxc4 dxc4 42. fxg6 hxg6 43. Kf4 Kd7 44. Ke4 Ke6 45. h4 c3
46. Kd3 Kf5 47. Kxc3 Kg4 $19) 37... Kd7 38. b4 Kd6 39. b5 Ke6 (39... d4 40. Ke4
Kc5 41. Kd3 Kb4 42. Bxd4 Be7 43. f5 $16) 40. Be1 (40. Ke3 Be7 41. Kd3 Bd6 (
41... Bc5 42. Bxc5 bxc5 43. a5 Kd6 44. f5 $18) 42. Be3 Be7 43. Bd4 (43. a5 $6
bxa5 44. Bxa7 a4 45. Bd4 Bd6 46. Kc3 $11 (46. Ke3 a3 47. b6 a2 48. b7 Kd7 49.
f5 gxf5 50. gxf5 Kc7 $17)) 43... Bd6 44. Ke3 Be7) 40... Be7 41. a5 bxa5 42.
Bxa5 Bc5 43. Ke2 d4 44. Kd3 Kd5 45. Bd8 Bb4 (45... Bb6 46. Bxb6 axb6 47. h4 h6
48. h5 gxh5 49. gxh5 Kc5 50. f5 Kd5 51. f6 Ke6 52. Kxd4 Kxf6 53. Kd5 Kg5 54.
Kc6 Kxh5 55. Kxb6 Kg4 56. Kc5 h5 57. b6 h4 58. b7 h3 59. b8=Q $18) 46. f5 gxf5
47. gxf5 Ke5 48. f6 Ke6 49. Kxd4 Bd6 50. Ke4 (50. Be7 Bxe7 51. fxe7 Kxe7 52.
Ke5 Kd7 53. h4 Kc7 $11) 50... h5 51. Ba5 $1 (51. Be7 Bxe7 (51... Be5 52. Bc5
$18) 52. fxe7 Kxe7 53. Kd5 $11 (53. Kf5 Kd6 54. Kg5 Kc5 55. Kxh5 Kxb5 $19))
51... Kxf6 (51... Be5 52. Bb4 Kxf6 53. Bc5 Bb8 54. Kd5 Kg5 55. Bf2 Kf4 56. Kc6
Kf3 57. Kb7 Bd6 (57... Kxf2 58. Kxb8 Kg3 59. Kxa7 Kxh3 60. b6 $18) 58. Bxa7 Kg2
59. Kc6 Bf4 60. h4 Kh3 (60... Kg3 61. b6 Be3 62. Bb8+ Kxh4 63. b7 Kg4 64. Kb5
h4 65. Ka6 h3 66. Bh2 Bf4 67. Bxf4 Kxf4 68. b8=Q+ $18) 61. Bf2 $18) 52. Kd5 Bg3
53. Bc3+ Kf5 54. Bd4 Bb8 55. Be3 $1 $18) 36. Ke3 $2 (36. Bd4 Bxd4 37. Rxd4 Ke7
38. g5 Kd6 39. b4 Rc8 $11) (36. g5 $1 Bg7 (36... Bc3 37. Rd3 Bb4 38. f5 gxf5
39. Kf4 Ke7 40. Bd4 (40. g6 Bd6+ 41. Kf3 Ke6 42. Re3+ Kd7 $17) 40... Ke6 41.
Re3+ Kd6 42. Kxf5 Rf8+ 43. Bf6 Bc5 (43... Kc6 44. h4 $14) 44. Re7 $16) 37. h4 (
37. Bd4 Bxd4 38. Rxd4 Ke7 39. f5 gxf5 40. Rh4 d4 (40... Kf7 41. Kf4 (41. Rxh7+
Kg6 42. Rxa7 Kxg5 43. Rg7+ Kf6 44. Rh7 Kg5 45. Rb7 Rh8 $11) 41... Kg7 42. Kxf5
d4 43. Re4 d3 44. Re7+ Kf8 45. Re1 d2 46. Rd1 $11) 41. Rxh7+ Ke6 42. Ke2 d3+
43. Kd2 f4 44. Rxa7 Kf5 45. h4 f3 46. Rf7+ Ke4 47. g6 $18) 37... Ke7 38. Kg4 $1
(38. f5 gxf5 39. Kf4 Ke6 40. Re2+ Kd6 41. Kxf5 Rf8+ 42. Kg4 Be5 43. h5 Rf4+ $15
) (38. Bd4 Bxd4 39. Rxd4 Kd6) (38. h5 gxh5 39. f5 (39. Bg3 Ke6 40. Rh2 d4 41.
Ke4 Kf7 42. f5 Re8+ 43. Kd5 d3 44. Rd2 Rd8+ 45. Ke4 Rd4+ 46. Kf3 $15) 39... Be5
$15) 38... Ke6 39. Re2+ Kd6 (39... Kd7 40. h5 gxh5+ 41. Kxh5 Rf8 42. Kg4 h6 43.
g6 Kd6 44. f5 Be5 45. Be1 a5 46. b4 $16) 40. Bg3 Kc5 41. Re7 h5+ 42. Kf3 $16 (
42. gxh6 Bxh6 43. Rxa7 d4 44. Rh7 d3 45. Be1 Bf8 46. Rh8 Be7 47. Rxd8 Bxd8 48.
Kf3 Kd4 49. a4 Bf6 (49... d2 50. Bxd2 Bxh4 51. Be3+ Kc3 52. Bxb6 Kxb3 53. a5
$18) 50. b4 Kc4 51. a5 bxa5 52. bxa5 Bc3 53. a6 Bd4 54. Ke4 Bf2 55. Bd2 (55.
Bxf2 $4 d2 56. a7 d1=Q 57. a8=Q Qh1+ $19) 55... Kb5 56. f5 $1 gxf5+ 57. Kxd3
Kxa6 (57... f4 58. h5 Bb6 59. h6 $18) 58. h5 $18)) 36... Ke7 $11 37. Kd3 Rc8
38. Rc2 (38. Bd4 Bxd4 39. Kxd4 Kd6 $11) 38... Rxc2 39. Kxc2 Ke6 40. Kd3 Be7 41.
Be3 1/2-1/2

[Event "Olomouc After GP Mladi"]
[Site "Olomouc"]
[Date "1997.??.??"]
[Round "5"]
[White "Stohl, Igor"]
[Black "Kalod, Radek"]
[Result "1/2-1/2"]
[WhiteElo "2565"]
[BlackElo "2430"]
[Annotator "Tsesarsky,I"]
[PlyCount "35"]
[EventDate "1997.08.05"]
[EventType "tourn"]
[EventRounds "11"]
[EventCountry "CZE"]
[EventCategory "10"]
[SourceTitle "CBM 061"]
[Source "ChessBase"]
[SourceDate "1997.11.23"]
[SourceVersion "1"]
[SourceVersionDate "1997.11.23"]
[SourceQuality "1"]

1. Nf3 Nf6 2. c4 g6 3. Nc3 Bg7 4. e4 c5 5. d4 cxd4 6. Nxd4 Nc6 7. Be3 Ng4 8.
Qxg4 Nxd4 9. Qd1 Ne6 10. Rc1 Qa5 11. Bd3 b6 12. O-O Bb7 13. f4 d6 (13... Bd4 $2
$16 14. Bxd4 Nxd4 15. Nd5 Bxd5 16. cxd5 b5 $8 (16... Qxa2 17. Bc4 Qxb2 18. Rf2
Qa3 19. Qxd4 Qxc1+ 20. Rf1 $18) 17. Bb1 (17. Qe1 Qb6 $8 18. Qf2 (18. Kh1 O-O
19. e5 Rac8 20. f5 Nxf5 21. Bxf5 gxf5 22. Rxf5 Qg6 23. Rf1 (23. Rf3 Qe4 24. d6
Rxc1 25. Qxc1 Qxe5 26. dxe7 Qxe7 $44) 23... d6 24. Qe3 $14) 18... O-O 19. Rfd1
(19. a4 bxa4 20. Rc4 Nb3 21. Rxa4 Nc5 22. Ra3 Nxd3 23. Rxd3 Rfc8 $11) 19... e5
20. fxe5 f6 21. e6 (21. exf6 Rxf6 $19) 21... dxe6 22. dxe6 Rfe8 23. Bc4 bxc4
24. Rxd4 Rab8 25. Rc2 c3 $11) 17... Qb6 18. Kh1 O-O 19. Qd2 (19. Rc3 $1 b4 (
19... f6 20. Rd3 e5 21. dxe6 Nxe6 22. Rd6 Qe3 23. f5 $18) 20. Rc4 Nb5 21. Rxb4
$18) 19... f6 (19... b4 20. Rc4 Nb5 21. Rxb4 a5 22. Rb3 a4 23. Rb4 Qa5 24. a3
$18 {1-0 Klocker,H-Ebner,H/AUT-chT2S 1995 (44)}) 20. f5 $1 (20. Rfd1 Rac8 21.
Rc3 e5 22. dxe6 Nxe6 23. f5 $16) 20... gxf5 21. exf5 b4 (21... e5 22. fxe6 dxe6
23. Qd3 Rf7 (23... f5 24. Qg3+ Kf7 25. Rc7+ $18) 24. Rxf6 $1 $18) 22. Rc4 (22.
Rf4 Nb5 23. Rxb4 $18) 22... Nb5 23. Rxb4 $18 {1-0 Horvath,J-Conquest,S/
Budapest 1987 (31)}) (13... Nc5 14. Bb1 Bxc3 (14... O-O 15. Bd4 (15. a3 $6 Bxc3
16. Rxc3 Nxe4 17. Bxe4 Bxe4 18. Qxd7 Qh5 19. Qxe7 Bxg2 20. Kxg2 Qe2+ 21. Rf2 (
21. Kg1 Rae8 22. Qxa7 Rxe3 23. Qxb6 Rxc3 24. bxc3 Qg4+ 25. Kh1 Qe2 26. Qf2 Qxc4
$44) 21... Qg4+ $11) 15... Bxd4+ 16. Qxd4 Rfe8 17. f5 (17. Nd5 Ne6 18. Qf2 Qc5
19. b4 Qxf2+ 20. Rxf2 Rac8 21. a4 $14) 17... d6 18. Qf2 $14) 15. Rxc3 Qb4 (
15... O-O $5 16. Qd4 (16. a3 Nxe4 17. Bxe4 Bxe4 18. Qxd7 Qh5 $11) 16... d6 17.
a3 $14) 16. a3 (16. Bd4 f6 (16... O-O $2 17. a3 Qa4 18. Bxc5 Qxd1 19. Rxd1 bxc5
20. Rxd7 $18) 17. a3 (17. e5) 17... Qa4 18. Bc2 (18. b4 Qxd1 19. Rxd1 Nxe4 20.
Bxe4 Bxe4 21. Re3 Bc2 22. Rd2 Ba4 23. Bxf6 O-O 24. Bd4 Rxf4 25. Rxe7 Raf8 26.
h3 R4f7 $11) (18. Bxc5 Qxd1 19. Rxd1 bxc5 20. Bc2 d6 $11) 18... Qc6 19. Re3 Ne6
20. b3 Qc7 21. e5 f5 22. Bb2 $16) 16... Qa4 17. Qe2 Qc6 18. Bd4 O-O 19. f5 Nxe4
20. Re3 Nd6 21. Rxe7 Rae8 22. fxg6 hxg6 23. Rf3 (23. Bxg6 $1 Qxg2+ 24. Qxg2
Bxg2 25. Rfxf7 $18) 23... Nf5 (23... Rxe7 24. Qxe7 Nxc4 25. Bxg6 Qxg6 26. Rg3
Qxg3 27. hxg3 $18) 24. Bxf5 $18 {1-0 Gofshtein,L-Sedina,E/2nd op, Nova Gorica
SLO 1997 (32)}) (13... O-O 14. a3 $5 {/\ f5 Rodriguez,Am}) (13... Rc8 14. Kh1
Bd4 15. Bd2 (15. Bxd4 Nxd4 16. Nd5 Qxa2 17. Ra1 Qxb2 18. Rxa7 Bxd5 19. cxd5 Nb5
20. Bxb5 Qxb5 21. Qb1 $1 $14 (21. Qa1 O-O $11)) 15... Qh5 16. Qe1 Nc5 17. Bb1
a5 18. b3 d6 19. Nd5 Bxd5 20. exd5 Qh6 21. Bc3 Qg7 22. f5 Nd7 23. Bxd4 Qxd4 24.
Rd1 Qg7 25. Qe3 f6 26. Rfe1 Rc5 27. fxg6 hxg6 28. Bxg6+ $18 {ilegible 1-0
Rodriguez,A-Gonzalez,B/Capablanca mem-B 1993 (43)}) 14. Rf2 (14. f5 Nc5 15. Bb1
O-O $2 (15... Rc8) 16. Bd2 Qa6 (16... Bd4+ 17. Kh1 Qa6 18. b4) 17. b4 (17. Qe2)
17... Nd7 (17... Bxc3 18. Bxc3 Nxe4 19. Bxe4 Bxe4 20. Qd4 $18) 18. a4 b5 19.
cxb5 Qb6+ 20. Kh1 $16 {0-1 Yemelin,V-Kalod,R/Komercni Banka, Pardubice CZE
1997 (43)}) (14. a3 O-O 15. Rf2 Nc5 16. Nd5 Bxd5 17. exd5 Nxd3 18. Qxd3 Rac8
19. b4 Qa6 20. Qb3 $14 {1-0 Mueller,K-Lehmann,H/Berliner Sommer 1994 (54)}) (
14. Qd2 Nc5 15. Bb1 O-O 16. Bd4 Bxd4+ 17. Qxd4 Ne6 18. Qd3 Rac8 19. b3 Qc5+ 20.
Kh1 Qd4 21. Qh3 Qg7 22. f5 $14 {0-1 Boros,D-Lehmann,H/Budapest FS11 IM-A 1994 
(44)}) 14... O-O 15. Bb1 Rac8 16. Nd5 Bxd5 17. exd5 Nc5 18. Qd2 (18. a3 Na4 19.
b4 Qa6 20. Qb3 (20. Bd4 Bxd4 21. Qxd4 b5 22. c5 e6 23. dxe6 fxe6 24. Ba2 dxc5
25. bxc5 Rc6 26. Re2 $16) 20... b5 21. Bd3 Qb7 22. c5 $16 {1-0 Rodriguez,
A-Hernandez,R/CUB-ch 1988/TD 88\11 (39)}) (18. Qd2 Qxd2 19. Rxd2 Na4 20. b3 Nc3
$11) 1/2-1/2